000 01067naa a22003017a 4500
001 BR7805128
003 BR-BrBNA
005 20240918174157.0
007 ta
008 230509b bl.||||| |||| 00| 0 por d
040 _aBR-BrBNA
_bpor
_cBiblioteca Nacional de Agricultura
041 _a(Pt)
072 _aH50; F00
_b1126
_b4250
_bG514
090 _aH50 BR7805128
100 1 _aCouto, F.A.A.
100 1 _aAlvarenga, L.R. de
245 1 _aEstudos sobre queimaduras causadas pelo sol em abacaxizeiro [Ananas comosus, fruto, raio solar, Prudente de Morais, Minas Gerais, Brasil]
260 3 _aBelo Horizonte, MG (Brasil):
_c1978.
500 _aProjeto fruticultura. Relatorio 1974/77 Belo Horizonte, MG (Brasil): 1978. p. 53-57 (BR7805128-AM)H50
650 _aABACAXI
650 _aRAIO SOLAR
650 _aFRUTO
650 _aPRATICA CULTURAL
650 _aMINAS GERAIS
773 0 _tProjeto fruticultura. Relatorio 1974/77
_wH50 BR7805128
_gBelo Horizonte, MG (Brasil), 1978. p. 53-57
909 _a202404
_bLucia
_c55
_dLucia Elande
942 _cAM
_2AGRIS
999 _c309404
_d309404